| 000 | 00725nam a2200229 a 4500 | ||
|---|---|---|---|
| 005 | 20240919064132.0 | ||
| 008 | 171026s2016 mx r 000 0 spa d | ||
| 020 | _a9786078507382 | ||
| 035 | _aUPN01000221336 | ||
| 049 | _aI | ||
| 050 | 4 |
_aJL1254 _bA7.2 |
|
| 100 | 1 |
_aArroyo, Raúl _941155 |
|
| 245 | 1 | 0 |
_aAlfonso Cravioto : _bConstituyente de 1917 / _cRaúl Arroyo. |
| 260 |
_aMéxico : _bSecretaría de Cultura : _bINEHRM, _c2016. |
||
| 300 |
_a36 p. : _bil. col. |
||
| 440 | 0 | _aBiografías para niños | |
| 610 | 1 | 2 |
_aMéxico. _tConstitución política (1917) _927956 |
| 650 | 4 |
_aLEGISLADORES - _zMEXICO - _vBIOGRAFIA _910101 |
|
| 600 | 1 | 4 |
_aCRAVIOTO, ALFONSO, _d1884-1955 _926353 |
| 905 | _aLibro | ||
| 999 |
_c193433 _d193433 |
||